<?xml version="1.0" encoding="UTF-8"?>
<record
    xmlns:xsi="http://www.w3.org/2001/XMLSchema-instance"
    xsi:schemaLocation="http://www.loc.gov/MARC21/slim http://www.loc.gov/standards/marcxml/schema/MARC21slim.xsd"
    xmlns="http://www.loc.gov/MARC21/slim">

  <leader>01462nam a2200253 a 4500</leader>
  <controlfield tag="001">BRL_1214</controlfield>
  <controlfield tag="005">20190320211104.0</controlfield>
  <controlfield tag="008">291113s1982----cn-a######---#000-0#eng-#</controlfield>
  <datafield tag="020" ind1=" " ind2=" ">
    <subfield code="a">0774369930</subfield>
  </datafield>
  <datafield tag="041" ind1=" " ind2=" ">
    <subfield code="a">eng</subfield>
  </datafield>
  <datafield tag="044" ind1=" " ind2=" ">
    <subfield code="a">cn</subfield>
  </datafield>
  <datafield tag="050" ind1=" " ind2="4">
    <subfield code="a">T27.C5</subfield>
    <subfield code="b">.C45 1982</subfield>
  </datafield>
  <datafield tag="245" ind1="1" ind2="0">
    <subfield code="a">China, 7000 years of discovery</subfield>
    <subfield code="c">Written and edited by China Science and Technology Palace Preparatory Committee and the Ontario Science Centre ; Consulting Writter: Richard Longley.</subfield>
  </datafield>
  <datafield tag="260" ind1=" " ind2=" ">
    <subfield code="a">Ontario, Canad&#xE1;</subfield>
    <subfield code="b">China Science and Technology Palace Preparatory Committee : Ontario Science Centre</subfield>
    <subfield code="c">1982</subfield>
  </datafield>
  <datafield tag="300" ind1=" " ind2=" ">
    <subfield code="a">64 p.</subfield>
    <subfield code="b">il. (algunas a color)</subfield>
    <subfield code="c">25 cm.</subfield>
    <subfield code="e">incluye un tr&#xED;ptico y una gu&#xED;a</subfield>
  </datafield>
  <datafield tag="500" ind1=" " ind2=" ">
    <subfield code="a">Au1392</subfield>
  </datafield>
  <datafield tag="500" ind1=" " ind2=" ">
    <subfield code="a">A especial exhibition produced by the China Science and Technology Museum in cooperation with the Ontario Science Centre, Toronto (May 1 to October 31,1982), Museum of Science and Industry, Chicago (June 1 to October 2, 1983), Pacific Science Center, Seatle (March 1 to August 31, 1984), High Museum of Art, Atlanta (November 19, 1984 to february 24, 1985), Museum of Science, Boston (June 1 to December 1, 1985) Southwest Museum of Science and Technology, Dallas (June 15 to December 15, 1986)</subfield>
  </datafield>
  <datafield tag="650" ind1="1" ind2="4">
    <subfield code="a">Tecnolog&#xED;a</subfield>
    <subfield code="x">Historia</subfield>
    <subfield code="z">China</subfield>
    <subfield code="9">26144</subfield>
  </datafield>
  <datafield tag="700" ind1="1" ind2=" ">
    <subfield code="a">Longley, Richard</subfield>
    <subfield code="9">26145</subfield>
  </datafield>
  <datafield tag="710" ind1="2" ind2=" ">
    <subfield code="a">China Science and Technology Palace Preparatory Committee</subfield>
    <subfield code="9">26146</subfield>
  </datafield>
  <datafield tag="710" ind1="2" ind2=" ">
    <subfield code="a">Ontario Science Centre</subfield>
    <subfield code="9">26147</subfield>
  </datafield>
  <datafield tag="902" ind1=" " ind2=" ">
    <subfield code="a">GRL</subfield>
  </datafield>
  <datafield tag="942" ind1=" " ind2=" ">
    <subfield code="2">lcc</subfield>
    <subfield code="c">B</subfield>
  </datafield>
  <datafield tag="999" ind1=" " ind2=" ">
    <subfield code="c">10026</subfield>
    <subfield code="d">10026</subfield>
  </datafield>
  <datafield tag="952" ind1=" " ind2=" ">
    <subfield code="0">0</subfield>
    <subfield code="1">0</subfield>
    <subfield code="4">0</subfield>
    <subfield code="7">0</subfield>
    <subfield code="a">BRL</subfield>
    <subfield code="b">BRL</subfield>
    <subfield code="d">2013-11-29</subfield>
    <subfield code="i">Au1392</subfield>
    <subfield code="l">0</subfield>
    <subfield code="o">T27.C5 .C45 1982 (Au1392)</subfield>
    <subfield code="p">GRL01331</subfield>
    <subfield code="r">2019-03-22 00:00:00</subfield>
    <subfield code="w">2019-03-22</subfield>
    <subfield code="y">B</subfield>
  </datafield>
</record>
